El camino del peregrino (Registro nro. 22712)

Detalles MARC
000 -LEADER
fixed length control field 00295 a2200109 4500
001 - CONTROL NUMBER
control field ART_6179
005 - DATE AND TIME OF LATEST TRANSACTION
control field 20260410161825.0
008 - FIXED-LENGTH DATA ELEMENTS--GENERAL INFORMATION
fixed length control field 260409a
100 1# - MAIN ENTRY--PERSONAL NAME
Personal name Estrella, Jorge Raúl
245 10 - TITLE STATEMENT
Title El camino del peregrino
773 0# - HOST ITEM ENTRY
Title FACES
Related parts - Año 1, Nº 1 (jun 1995)
Record control number REV5046

No hay ítems disponibles.